Conferencia Mundial Copenhague 1995: declaración de Ter Nood
Na minha lista:
| Autor Corporativo: | |
|---|---|
| Formato: | Procedimiento de la Conferencia Livro |
| Idioma: | Spanish |
| Tags: |
Adicionar Tag
Sem tags, seja o primeiro a adicionar uma tag!
|
MARC
| LEADER | 00000nam a22000007a 4500 | ||
|---|---|---|---|
| 003 | cru CIDCACS/IIS | ||
| 005 | 20230321113301.0 | ||
| 007 | ta | ||
| 008 | 190222s1995 cr ||p|r||||||0| ||spa d | ||
| 040 | |c cru CIDCACS/IIS | ||
| 111 | |9 11064 |a Cumbre Mundial sobre el Desarrollo Social |c (Copenhague: |d 1995 marzo 6-12) | ||
| 245 | |a Conferencia Mundial Copenhague 1995: |b declaración de Ter Nood | ||
| 300 | |a páginas 14-16 | ||
| 773 | 0 | |0 42196 |9 8490 |a Instituto Centroamericano de Estudios Sociales (Costa Rica) |d San José, Costa Rica: Instituto Centroamericano de Estudios Sociales, 1993- |o 17833 |t Perspectiva Centroamericana y del Caribe/ | |
| 942 | |2 ddc |c PP | ||
| 999 | |c 44837 |d 44837 | ||
